000 00246nam a22000977a 4500
005 20250901165408.0
008 210322b ||||| |||| 00| 0 eng d
050 _aLA2317 .C336C65 1989
245 _aEXIT THE RAINMAKER
_cCOLEMAN, JONATHAN
942 _2lcc
999 _c3271
_d3271